[Event "Villa Ballester de Invierno op 3rd"]
[Site "Villa Ballester"]
[Date "2003.09.21"]
[Round "7"]
[White "Benedetto, Abel"]
[Black "Pedro, Fernando Pablo"]
[Result "0-1"]
[WhiteElo "2179"]
[BlackElo "2302"]
[PlyCount "144"]
[EventDate "2003.09.13"]
[EventType "swiss"]
[EventRounds "7"]
[EventCountry "ARG"]
[SourceTitle "CBM 096 Extra"]
[Source "ChessBase"]
[SourceDate "2003.10.22"]
[SourceVersion "2"]
[SourceVersionDate "2003.10.20"]
[SourceQuality "1"]

1. d4 d5 2. Nf3 Nc6 3. c4 e5 4. cxd5 Qxd5 5. Nc3 Bb4 6. dxe5 Qxd1+ 7. Kxd1 Bg4 8. Bf4 Nge7 9. e3 0-0-0+ 10. Kc2 Bxc3 11. bxc3 Ng6 12. Bg3 Rhe8 13. Bb5 Bd7 14. Bc4 Ngxe5 15. Nxe5 Nxe5 16. Bxe5 Rxe5 17. Rad1 b5 18. Be2 a5 19. Rd4 Bf5+ 20. Bd3 Bxd3+ 21. Kxd3 c5 22. Rxd8+ Kxd8 23. e4 Kc7 24. Rd1 Re6 25. Ke3 Rd6 26. Rc1 Kb6 27. e5 Rd7 28. f4 b4 29. f5 Kb5 30. Ke4 Rd2 31. e6 fxe6 32. fxe6 Kc6 33. Re1 Kd6 34. cxb4 cxb4 35. a3 b3 36. a4 Kxe6 37. Ke3 Ra2 38. Kd3+ Kd5 39. Kc3 Rxg2 40. Kxb3 Rxh2 41. Rg1 Rh3+ 42. Kb2 g6 43. Rg5+ Kc4 44. Rg4+ Kd3 45. Kb3 Rh5 46. Rg3+ Kd4 47. Rg4+ Kc5 48. Rc4+ Kb6 49. Rc8 Rc5 50. Rh8 Rc7 51. Rb8+ Ka7 52. Rg8 Kb7 53. Kb2 Kc6 54. Ra8 Kb6 55. Rb8+ Rb7 56. Rg8 Kc5+ 57. Kc3 Ra7 58. Kb3 Kd4 59. Re8 Rb7+ 60. Ka3 Rg7 61. Rd8+ Ke4 62. Re8+ Kf4 63. Rf8+ Kg3 64. Rc8 Ra7 65. Rc3+ Kg4 66. Rc4+ Kh5 67. Rc5+ g5 68. Kb3 Kh4 69. Kc4 g4 70. Kb5 h5 71. Kb6 Ra8 72. Kb7 Rg8 0-1

[Event "Najdorf Memorial op"]
[Site "Buenos Aires"]
[Date "2002.09.27"]
[Round "5.13"]
[White "Benedetto, Abel"]
[Black "Della Morte, Pablo"]
[Result "1-0"]
[WhiteElo "2179"]
[BlackElo "2333"]
[PlyCount "109"]
[EventDate "2002.09.23"]
[EventType "swiss"]
[EventRounds "8"]
[EventCountry "ARG"]
[SourceTitle "CBM 090 Extra"]
[Source "ChessBase"]
[SourceDate "2002.11.07"]
[SourceVersion "1"]
[SourceVersionDate "2002.11.07"]
[SourceQuality "1"]

1. d4 d6 2. e4 Nf6 3. Nc3 g6 4. Nf3 Bg7 5. h3 0-0 6. Be3 a6 7. a4 b6 8. Bc4 e6 9. 0-0 Nc6 10. e5 dxe5 11. Nxe5 Bb7 12. Nxc6 Bxc6 13. Qe2 Qc8 14. Rfd1 Qb7 15. Qf1 Rfd8 16. Rd2 Ne8 17. Rad1 Nd6 18. d5 exd5 19. Bxd5 Re8 20. Bf4 Be5 21. Bxe5 Rxe5 22. b3 Rae8 23. Bxc6 Qxc6 24. Qd3 Nf5 25. Nd5 h5 26. Qf1 b5 27. axb5 axb5 28. Nb4 Qf6 29. Nd3 R5e7 30. Nb4 c6 31. Nd3 Qg5 32. f4 Qf6 33. Qf2 Ne3 34. Re1 Qd4 35. Ne5 Qc5 36. Qxe3 Qxe3+ 37. Rxe3 f6 38. Rde2 fxe5 39. Rxe5 Rxe5 40. fxe5 Kf7 41. Kf2 Ke6 42. Kf3 Rf8+ 43. Ke4 Rf1 44. Kd4 Rf7 45. Kc5 Rc7 46. Kb6 Rc8 47. Kb7 Rd8 48. Kxc6 Rd5 49. c4 bxc4 50. bxc4 Ra5 51. Kb6 Ra1 52. c5 Rb1+ 53. Kc7 Rc1 54. c6 Kd5 55. Kd7 1-0

[Event "Olivos Rubinstein Memorial"]
[Site "Olivos"]
[Date "2002.07.23"]
[Round "5"]
[White "Ligato, Guillermo Fernando"]
[Black "Benedetto, Abel"]
[Result "0-1"]
[WhiteElo "2098"]
[BlackElo "2179"]
[PlyCount "56"]
[EventDate "2002.07.18"]
[EventType "swiss"]
[EventRounds "9"]
[EventCountry "ARG"]
[SourceTitle "CBM 089 Extra"]
[Source "ChessBase"]
[SourceDate "2002.09.10"]
[SourceVersion "2"]
[SourceVersionDate "2002.09.10"]
[SourceQuality "1"]

1. d4 Nf6 2. Nf3 c5 3. d5 g6 4. Nc3 Bg7 5. e4 0-0 6. d6 exd6 7. Qxd6 Re8 8. Bc4 Bf8 9. Qd3 Nc6 10. Bg5 h6 11. Bh4 Nb4 12. Qe2 g5 13. Bg3 a6 14. a3 Nc6 15. 0-0-0 b5 16. Bd5 Qa5 17. Bxc6 dxc6 18. e5 b4 19. Nb1 Nd5 20. Nxg5 hxg5 21. Qh5 Re6 22. Rd3 Rg6 23. e6 Bxe6 24. Nd2 Nf6 25. Qf3 c4 26. Re3 c3 27. bxc3 Qxa3+ 28. Kd1 Bg4 0-1

[Event "ARG-ch U20 sf"]
[Site "Mendoza"]
[Date "2002.04.28"]
[Round "7"]
[White "Benedetto, Abel"]
[Black "Real de Azua, Ernesto"]
[Result "0-1"]
[WhiteElo "2160"]
[BlackElo "2287"]
[PlyCount "67"]
[EventDate "2002.04.25"]
[EventType "swiss"]
[EventRounds "7"]
[EventCountry "ARG"]
[SourceTitle "CBM 088 Extra"]
[Source "ChessBase"]
[SourceDate "2002.07.01"]
[SourceVersion "2"]
[SourceVersionDate "2002.07.01"]
[SourceQuality "1"]

1. d4 Nf6 2. c4 c5 3. d5 b5 4. cxb5 a6 5. b6 Qxb6 6. Nc3 g6 7. Nf3 d6 8. Nd2 Bg7 9. e4 0-0 10. Be2 Nbd7 11. a4 Rb8 12. 0-0 Ne8 13. Nc4 Qc7 14. a5 Ne5 15. Nb6 Nd7 16. Nc4 Ne5 17. Ne3 Qb7 18. f4 Nd7 19. Kh1 Nc7 20. Nc4 Nb5 21. Na4 Nd4 22. Nab6 Nxb6 23. Nxb6 Nxe2 24. Qxe2 Bd7 25. Qe1 Bb5 26. Rf3 e6 27. Rd3 Rbe8 28. Qh4 exd5 29. Rh3 h5 30. exd5 Bf6 31. Qg3 h4 32. Qf2 Re2 33. Qf1 Rfe8 34. Be3 0-1

[Event "ARG-ch U20 sf"]
[Site "Mendoza"]
[Date "2002.04.26"]
[Round "4"]
[White "Benedetto, Abel"]
[Black "Liascovich, Lucas Agustin"]
[Result "1/2-1/2"]
[WhiteElo "2160"]
[BlackElo "2308"]
[PlyCount "130"]
[EventDate "2002.04.25"]
[EventType "swiss"]
[EventRounds "7"]
[EventCountry "ARG"]
[SourceTitle "CBM 088 Extra"]
[Source "ChessBase"]
[SourceDate "2002.07.01"]
[SourceVersion "2"]
[SourceVersionDate "2002.07.01"]
[SourceQuality "1"]

1. Nf3 Nf6 2. c4 e6 3. Nc3 d5 4. e3 Bd6 5. d4 c6 6. Bd3 Nbd7 7. 0-0 0-0 8. e4 dxe4 9. Nxe4 Nxe4 10. Bxe4 h6 11. Bc2 e5 12. Be3 Re8 13. dxe5 Nxe5 14. Nxe5 Bxe5 15. Qxd8 Rxd8 16. Rad1 Be6 17. b3 f5 18. f4 Bc7 19. Kf2 Kf7 20. Rxd8 Bxd8 21. Rd1 a5 22. Bd4 g5 23. Be5 Bb6+ 24. Ke2 a4 25. Kd3 axb3 26. axb3 Rd8+ 27. Kc3 Rg8 28. g3 Be3 29. Rf1 g4 30. Bd4 Bxd4+ 31. Kxd4 b5 32. Rf2 bxc4 33. bxc4 c5+ 34. Kxc5 Rc8+ 35. Kd6 Rxc4 36. Re2 Rd4+ 37. Kc5 Rd8 38. Kc6 h5 39. Kc7 Rd4 40. Kc6 Kf6 41. Kc5 Rd8 42. Rf2 Ra8 43. Kd4 h4 44. Re2 Ra1 45. Ke3 Ra3+ 46. Bd3 Bd5 47. Rd2 Be4 48. Ke2 Bf3+ 49. Ke3 Bd5 50. Kf2 hxg3+ 51. hxg3 Bb7 52. Be2 Ke6 53. Bc4+ Ke7 54. Be2 Be4 55. Bd1 Ra6 56. Ke3 Re6 57. Kf2 Rh6 58. Re2 Kf6 59. Re3 Rh2+ 60. Ke1 Rh1+ 61. Kd2 Rh2+ 62. Ke1 Rh1+ 63. Kd2 Rg1 64. Be2 Bd5 65. Kd3 Be6 1/2-1/2

[Event "Villa Ballester op 52nd"]
[Site "Villa Ballester"]
[Date "2002.01.13"]
[Round "9"]
[White "Benedetto, Abel"]
[Black "Dos Santos, Ramiro"]
[Result "0-1"]
[WhiteElo "2201"]
[BlackElo "2370"]
[PlyCount "60"]
[EventDate "2002.01.02"]
[EventType "swiss"]
[EventRounds "9"]
[EventCountry "ARG"]
[SourceTitle "CBM 086 Extra"]
[Source "ChessBase"]
[SourceDate "2002.03.14"]
[SourceVersion "1"]
[SourceVersionDate "2002.03.14"]
[SourceQuality "1"]

1. d4 d5 2. c4 dxc4 3. e3 Nf6 4. Bxc4 e6 5. Nf3 c5 6. 0-0 a6 7. a3 cxd4 8. exd4 Be7 9. Nc3 0-0 10. Qe2 b5 11. Ba2 Bb7 12. Rd1 Nd5 13. Ne4 Nd7 14. Ne5 Rc8 15. h4 Nxe5 16. dxe5 Qc7 17. Ng5 h6 18. Nf3 Qc2 19. Qf1 Rfd8 20. Bb1 Qc4 21. Qe1 Nf4 22. Rxd8+ Rxd8 23. Ba2 Nxg2 24. Bxc4 Nxe1 25. Nxe1 Rd1 26. Bf1 Rxe1 27. b4 Rxe5 28. Bf4 Rf5 29. Bg3 Bxh4 30. Rd1 Bf6 0-1

[Event "Villa Ballester op 52nd"]
[Site "Villa Ballester"]
[Date "2002.01.06"]
[Round "4"]
[White "Maciel, Jacinto"]
[Black "Benedetto, Abel"]
[Result "1/2-1/2"]
[WhiteElo "2109"]
[BlackElo "2161"]
[PlyCount "101"]
[EventDate "2002.01.02"]
[EventType "swiss"]
[EventRounds "9"]
[EventCountry "ARG"]
[SourceTitle "CBM 086 Extra"]
[Source "ChessBase"]
[SourceDate "2002.03.14"]
[SourceVersion "1"]
[SourceVersionDate "2002.03.14"]
[SourceQuality "1"]

1. e4 c6 2. d4 d5 3. e5 Bf5 4. Ne2 e6 5. Nf4 c5 6. Bd3 Bxd3 7. Nxd3 cxd4 8. 0-0 Nc6 9. Nd2 Qb6 10. f4 Nge7 11. g4 h5 12. h3 hxg4 13. hxg4 0-0-0 14. Rf2 Ng6 15. Nf3 Be7 16. Rh2 Rxh2 17. Kxh2 Rh8+ 18. Kg2 Nh4+ 19. Nxh4 Rxh4 20. Bd2 Qd8 21. Be1 Rh7 22. Qf3 Qh8 23. Bg3 Bh4 24. Rh1 Bxg3 25. Rxh7 Qxh7 26. Qxg3 Qe4+ 27. Qf3 Qxf3+ 28. Kxf3 Kc7 29. a3 a5 30. b3 Na7 31. f5 b6 32. Kf4 Kd7 33. Ne1 Nc6 34. Nf3 Ke7 35. Ng5 d3 36. cxd3 Nd4 37. Ke3 Nxb3 38. d4 b5 39. Kd3 b4 40. axb4 axb4 41. Nf3 Na5 42. Nd2 Kf8 43. Nf3 Nc4 44. fxe6 fxe6 45. g5 Kf7 46. Nh4 b3 47. Kc3 b2 48. Kc2 Ke7 49. Nf3 Kf7 50. Nh4 Ke7 51. Nf3 1/2-1/2

[Event "Villa Ballester op 52nd"]
[Site "Villa Ballester"]
[Date "2002.01.04"]
[Round "2"]
[White "Carraro, Diego"]
[Black "Benedetto, Abel"]
[Result "1-0"]
[WhiteElo "2131"]
[BlackElo "2161"]
[PlyCount "51"]
[EventDate "2002.01.02"]
[EventType "swiss"]
[EventRounds "9"]
[EventCountry "ARG"]
[SourceTitle "CBM 086 Extra"]
[Source "ChessBase"]
[SourceDate "2002.03.14"]
[SourceVersion "1"]
[SourceVersionDate "2002.03.14"]
[SourceQuality "1"]

1. g3 g6 2. Bg2 Bg7 3. c4 e5 4. Nc3 Nc6 5. d3 d6 6. e4 Be6 7. Nge2 Qd7 8. 0-0 h5 9. h4 Nh6 10. f3 f5 11. Nd5 Nf7 12. Be3 0-0-0 13. Qa4 Kb8 14. b4 f4 15. gxf4 exf4 16. Nexf4 Bxa1 17. b5 Nd4 18. Rxa1 c5 19. bxc6 Nxc6 20. Rb1 Rc8 21. Nxg6 Rhd8 22. Nge7 Bxd5 23. Nxc6+ Rxc6 24. Qxa7+ Kc8 25. Qa8+ Kc7 26. Qxb7# 1-0

[Event "Villa Martelli IRT 2nd"]
[Site "Villa Martelli"]
[Date "2002.??.??"]
[Round "1"]
[White "Benedetto, Abel"]
[Black "Godoy, Roberto"]
[Result "1/2-1/2"]
[WhiteElo "2160"]
[BlackElo "2098"]
[PlyCount "78"]
[EventDate "2002.05.06"]
[EventType "tourn"]
[EventRounds "9"]
[EventCountry "ARG"]
[SourceTitle "EXT 2004"]
[Source "ChessBase"]
[SourceDate "2003.11.25"]
[SourceVersion "1"]
[SourceVersionDate "2003.11.25"]
[SourceQuality "1"]

1. e4 c5 2. Nf3 e6 3. c3 d5 4. exd5 exd5 5. d4 Nc6 6. Be3 cxd4 7. Nxd4 Nf6 8. Be2 Be7 9. 0-0 0-0 10. Nd2 Nxd4 11. Bxd4 Be6 12. Nf3 Ne4 13. a4 Qc7 14. Re1 Rfd8 15. a5 Bc5 16. Bxc5 Qxc5 17. Qd4 Rac8 18. Bd3 Qxd4 19. Nxd4 Nc5 20. Bc2 Bd7 21. Re5 Bc6 22. Rae1 g6 23. f3 Kf8 24. Kf2 Re8 25. Rxe8+ Bxe8 26. Re5 Bc6 27. h4 Nd7 28. Re1 Nf6 29. g4 Bd7 30. Bd3 Rc5 31. Nb3 Rc8 32. g5 Ne8 33. Re5 Be6 34. Nd4 Ng7 35. Ke2 a6 36. Kd2 Ke7 37. b4 Kd6 38. Re1 Bd7 39. Bc2 Rh8 1/2-1/2

[Event "ARG-ch U20"]
[Site "Ezeiza"]
[Date "2001.??.??"]
[Round "6"]
[White "Di Benedetto, Guillermo"]
[Black "Benedetto, Abel"]
[Result "1-0"]
[WhiteElo "2227"]
[BlackElo "2178"]
[PlyCount "80"]
[EventDate "2001.06.17"]
[EventType "swiss"]
[EventRounds "7"]
[EventCountry "ARG"]
[SourceTitle "EXT 2002"]
[Source "ChessBase"]
[SourceDate "2001.11.25"]
[SourceVersion "1"]
[SourceVersionDate "2001.11.25"]
[SourceQuality "1"]

1. c4 c5 2. Nc3 Nf6 3. g3 d5 4. cxd5 Nxd5 5. Bg2 Nc7 6. Nf3 Nc6 7. 0-0 e5 8. d3 Be7 9. Nd2 Bd7 10. Nc4 f6 11. f4 b5 12. Ne3 exf4 13. gxf4 Rb8 14. Ned5 Bd6 15. e4 0-0 16. Nxc7 Bxc7 17. Be3 Nd4 18. Bxd4 cxd4 19. Ne2 Kh8 20. Ng3 Be6 21. Rc1 Qd7 22. a3 Rfc8 23. Qd2 a5 24. Ne2 b4 25. Kh1 b3 26. Ng1 a4 27. Nf3 Bb6 28. f5 Bg8 29. e5 Rxc1 30. Qxc1 Qxf5 31. Nxd4 Qxd3 32. Nc6 Rc8 33. exf6 gxf6 34. Qf4 Rf8 35. Qb4 Qxf1+ 36. Bxf1 Bd5+ 37. Bg2 Rg8 38. Qxb6 Bxg2+ 39. Kg1 Bxc6+ 40. Kf1 Bg2+ 1-0

[Event "Vicente Lopez Rubinstein op"]
[Site "Vicente Lopez"]
[Date "2000.11.17"]
[Round "2"]
[White "Slipak, Sergio"]
[Black "Benedetto, Abel"]
[Result "1-0"]
[WhiteElo "2520"]
[BlackElo "2175"]
[PlyCount "63"]
[EventDate "2000.11.16"]
[EventType "swiss"]
[EventRounds "9"]
[EventCountry "ARG"]
[SourceTitle "EXT 2002"]
[Source "ChessBase"]
[SourceDate "2001.11.25"]
[SourceVersion "1"]
[SourceVersionDate "2001.11.25"]
[SourceQuality "1"]

1. d4 Nf6 2. c4 c5 3. d5 b5 4. cxb5 a6 5. bxa6 g6 6. Nc3 Bxa6 7. Nf3 Bg7 8. g3 d6 9. Bg2 Nbd7 10. Rb1 Nb6 11. b3 Bb7 12. Nh4 0-0 13. 0-0 Qd7 14. a4 Ne8 15. Qc2 Nc7 16. e4 Na6 17. Nb5 Rfc8 18. Be3 Nc7 19. Nxc7 Rxc7 20. Rfc1 Rcc8 21. Qd2 Qd8 22. Bh6 Bf6 23. Bg5 Bg7 24. Nf3 Nd7 25. Bf1 Ba6 26. Bxa6 Rxa6 27. Qe2 Ra7 28. Nd2 Nb6 29. Be3 Qd7 30. a5 Na8 31. b4 Rb7 32. b5 1-0